[Event "2. Torneio Aberto do Brasil - Fortaleza"]
[Site "Fortaleza BRA"]
[Date "2012.04.08"]
[Round "6.34"]
[White "Chang, Suzana"]
[Black "Vescovi, Katherine Lemos"]
[Result "1-0"]
[WhiteElo "2055"]
[BlackElo "1706"]
[PlyCount "105"]
[EventDate "2012.04.05"]
[EventType "swiss"]
[EventRounds "7"]
[EventCountry "BRA"]
[Source "lmi"]
[SourceDate "2012.08.05"]

1. d4 Nf6 2. g3 g6 3. Bg2 d5 4. c4 e6 5. Nf3 Bg7 6. O-O O-O 7. Qc2 Na6 8. Nbd2
c6 9. e4 Nb4 10. Qb1 dxe4 11. Nxe4 Nxe4 12. Qxe4 e5 13. dxe5 Bf5 14. Qf4 Nc2
15. g4 Bxg4 16. Qxg4 Nxa1 17. Bg5 Qb6 18. Rxa1 Qxb2 19. Re1 Qxa2 20. Qf4 Qa5
21. h4 h5 22. Re3 Qc7 23. Bf6 Bxf6 24. Qxf6 Qd8 25. Qf4 Kg7 26. Ng5 Qd1+ 27.
Kh2 Qg4 28. Qf6+ Kg8 29. e6 Qf5 30. Qxf5 gxf5 31. exf7+ Kh8 32. Bf3 a5 33. Bxh5
b5 34. Re8 a4 35. cxb5 cxb5 36. Re1 b4 37. Ne6 a3 38. Bf3 Rac8 39. Nxf8 Rxf8
40. Bd5 Kg7 41. Re8 Rxf7 42. Bxf7 Kxf7 43. Ra8 Ke6 44. Ra4 f4 45. Rxb4 Kf5 46.
Ra4 Kg4 47. Rxa3 Kxh4 48. Kg2 Kg4 49. Rb3 Kf5 50. Kf3 Kg5 51. Rb5+ Kh4 52. Rc5
Kh3 53. Rh5# 1-0

[Event "2. Torneio Aberto do Brasil - Fortaleza"]
[Site "Fortaleza BRA"]
[Date "2012.04.08"]
[Round "6.35"]
[White "Lima, Jose Sampaio De"]
[Black "Lima, Antonio Stenio Patr"]
[Result "1-0"]
[WhiteElo "2045"]
[BlackElo "1799"]
[PlyCount "49"]
[EventDate "2012.04.05"]
[EventType "swiss"]
[EventRounds "7"]
[EventCountry "BRA"]
[Source "lmi"]
[SourceDate "2012.08.05"]

1. Nf3 Nf6 2. g3 g6 3. Bg2 Bg7 4. O-O O-O 5. d4 d5 6. c3 c6 7. Ne5 Ng4 8. Nd3
Bf5 9. Nc5 Qc8 10. Nd2 Nf6 11. e4 dxe4 12. Ndxe4 Nxe4 13. Nxe4 Bh3 14. Bf4 Bxg2
15. Kxg2 Qf5 16. Re1 e5 17. dxe5 Bxe5 18. Bxe5 Qxe5 19. Qf3 Kg7 20. Rad1 Qb5
21. Qf6+ Kg8 22. Qd4 f5 23. Nf6+ Kf7 24. Qd6 g5 25. Qe7+ 1-0

[Event "2. Torneio Aberto do Brasil - Fortaleza"]
[Site "Fortaleza BRA"]
[Date "2012.04.08"]
[Round "6.36"]
[White "De Paula, Rafael Figueiredo"]
[Black "Mateus, Janete De Alcantara"]
[Result "1-0"]
[WhiteElo "2041"]
[BlackElo "1888"]
[PlyCount "117"]
[EventDate "2012.04.05"]
[EventType "swiss"]
[EventRounds "7"]
[EventCountry "BRA"]
[Source "lmi"]
[SourceDate "2012.08.05"]

1. e4 c5 2. Nf3 Nc6 3. d4 cxd4 4. Nxd4 d6 5. c4 g6 6. Nc3 Bg7 7. Be3 Nf6 8. Be2
Bd7 9. O-O O-O 10. Rc1 h6 11. Qd2 Kh7 12. f3 Ng8 13. Nxc6 Bxc6 14. b4 b6 15.
Rfd1 Qe8 16. Nb5 Bxb5 17. cxb5 Qd7 18. Rc6 Rfc8 19. Rdc1 Nf6 20. Qc2 Rd8 21.
Rc7 Qe8 22. a4 Nd7 23. a5 e6 24. Bf2 Be5 25. Rc6 bxa5 26. bxa5 Nc5 27. g3 Rd7
28. f4 Bg7 29. e5 Nb7 30. a6 dxe5 31. axb7 Rxb7 32. fxe5 Bxe5 33. Rc5 Bd6 34.
Rc8 Rxc8 35. Qxc8 Qe7 36. Rc6 Rd7 37. Qa8 h5 38. Rc8 Qg5 39. Qc6 Qe7 40. Qc2
Qg5 41. h4 Qe5 42. Qc3 Qxc3 43. Rxc3 Be5 44. Ra3 Rd2 45. Bf1 Kg7 46. Rd3 Rb2
47. Rd7 Rb3 48. Kg2 Rb2 49. Kf3 Rb1 50. Bd3 Rb3 51. Bxa7 Kf8 52. Bc5+ Ke8 53.
Re7+ Kd8 54. Ke4 Bxg3 55. Rxf7 Bxh4 56. b6 Ke8 57. Rg7 g5 58. Bc2 Rb2 59. Ba4+
1-0

[Event "2. Torneio Aberto do Brasil - Fortaleza"]
[Site "Fortaleza BRA"]
[Date "2012.04.08"]
[Round "6.37"]
[White "Bezerra, Flavio Rodrigo Cost"]
[Black "Amancio, Arnaldo Regis"]
[Result "1-0"]
[WhiteElo "2033"]
[BlackElo "1884"]
[PlyCount "41"]
[EventDate "2012.04.05"]
[EventType "swiss"]
[EventRounds "7"]
[EventCountry "BRA"]
[Source "lmi"]
[SourceDate "2012.08.05"]

1. d4 Nf6 2. Nc3 d5 3. Bg5 h6 4. Bxf6 gxf6 5. e4 c6 6. Qh5 e6 7. O-O-O Nd7 8.
exd5 cxd5 9. Re1 Be7 10. Rxe6 Nb6 11. Bb5+ Kf8 12. Re3 Be6 13. Nh3 a6 14. Bd3
Qd7 15. Rhe1 Bd6 16. Qh4 Be7 17. Nf4 f5 18. Qh5 Bg5 19. g3 Nc4 20. Bxc4 dxc4
21. d5 1-0

[Event "2. Torneio Aberto do Brasil - Fortaleza"]
[Site "Fortaleza BRA"]
[Date "2012.04.08"]
[Round "6.38"]
[White "Costa Avelino, Thiago Cesar"]
[Black "Dos Santos, Tiago Augusto"]
[Result "0-1"]
[WhiteElo "1740"]
[BlackElo "2023"]
[PlyCount "90"]
[EventDate "2012.04.05"]
[EventType "swiss"]
[EventRounds "7"]
[EventCountry "BRA"]
[Source "lmi"]
[SourceDate "2012.08.05"]

1. d4 Nf6 2. c4 e6 3. Nf3 b6 4. g3 Ba6 5. Qc2 Bb4+ 6. Bd2 Be7 7. Bg2 c6 8. O-O
O-O 9. Re1 d5 10. cxd5 cxd5 11. Nc3 Nbd7 12. Qa4 Bb7 13. Rac1 a6 14. Bf4 Rc8
15. Ne5 b5 16. Qb3 Nh5 17. Nxd7 Qxd7 18. Bd2 Nf6 19. a3 Rc4 20. e3 Rfc8 21. Bf1
R4c7 22. Na2 Ne4 23. Ba5 Rc4 24. Bxc4 dxc4 25. Qc2 Ng5 26. h4 Be4 27. Qd1 Nf3+
28. Kf1 e5 29. Nc3 Nh2+ 30. Kg1 Bf3 31. Kxh2 Bxd1 32. Rcxd1 Qf5 33. Kg2 e4 34.
d5 Qf3+ 35. Kg1 Bd6 36. Bb4 Rd8 37. Bxd6 Rxd6 38. Rd4 f5 39. Red1 h6 40. R1d2
g5 41. hxg5 hxg5 42. Ne2 Rh6 43. Kf1 Rh2 44. Ng1 Qg2+ 45. Ke1 Qxg1+ 0-1

[Event "2. Torneio Aberto do Brasil - Fortaleza"]
[Site "Fortaleza BRA"]
[Date "2012.04.08"]
[Round "6.39"]
[White "Santos, Antonio Inacio Dos"]
[Black "Arpon, Rodrigo Tobias Lana"]
[Result "1/2-1/2"]
[WhiteElo "2017"]
[BlackElo "1825"]
[PlyCount "88"]
[EventDate "2012.04.05"]
[EventType "swiss"]
[EventRounds "7"]
[EventCountry "BRA"]
[Source "lmi"]
[SourceDate "2012.08.05"]

1. d4 Nf6 2. c4 g6 3. Nc3 Bg7 4. e4 d6 5. Be2 O-O 6. Be3 e5 7. d5 h6 8. h3 Nbd7
9. b4 a5 10. a3 axb4 11. axb4 Rxa1 12. Qxa1 Ne8 13. g4 f5 14. gxf5 gxf5 15.
exf5 e4 16. Qc1 Qh4 17. Rh2 Rxf5 18. Rg2 Ne5 19. Nb5 Rf6 20. Nd4 Rg6 21. Rxg6
Nxg6 22. Qc2 Ne5 23. c5 Nf6 24. cxd6 Nxd5 25. Qb3 c6 26. b5 Kh8 27. bxc6 Nxe3
28. Qxe3 bxc6 29. Nb3 Qg5 30. Qxg5 hxg5 31. Nc5 Bf8 32. Nxe4 Bf5 33. Nxg5 Bxd6
34. N1f3 Nxf3+ 35. Bxf3 Be7 36. h4 c5 37. Bd5 Kg7 38. Ke2 Kg6 39. Bf7+ Kh6 40.
f4 c4 41. Bxc4 Kh5 42. Nf3 Kg4 43. Bd5 Kxf4 44. h5 Bg4 1/2-1/2

[Event "2. Torneio Aberto do Brasil - Fortaleza"]
[Site "Fortaleza BRA"]
[Date "2012.04.08"]
[Round "6.40"]
[White "Simoes, Anderson Mauro"]
[Black "Braga, Jose Pereira"]
[Result "0-1"]
[WhiteElo "1794"]
[BlackElo "2014"]
[PlyCount "108"]
[EventDate "2012.04.05"]
[EventType "swiss"]
[EventRounds "7"]
[EventCountry "BRA"]
[Source "lmi"]
[SourceDate "2012.08.05"]

1. e4 d6 2. d4 Nf6 3. Nc3 g6 4. Be3 Bg7 5. f3 c6 6. Qd2 b5 7. Nge2 b4 8. Nd1 a5
9. Nf2 Be6 10. Nf4 Qc8 11. N2d3 Bd7 12. Be2 Qc7 13. Rd1 O-O 14. h4 h5 15. e5
Ne8 16. e6 Bxe6 17. Nxe6 fxe6 18. Nf4 Rf6 19. Bd3 Kf7 20. g4 e5 21. Nxg6 Rxg6
22. Bxg6+ Kxg6 23. gxh5+ Kf7 24. h6 Bh8 25. d5 Nf6 26. Qg2 Nbd7 27. h7 Rf8 28.
Bh6 cxd5 29. Bxf8 Nxf8 30. Rg1 N8xh7 31. Rxd5 Qc4 32. Rxa5 Qxh4+ 33. Kd1 Qh6
34. Ra8 Bg7 35. Qe2 Qf4 36. Rxg7+ Kxg7 37. a4 Ng5 38. a5 Nd5 39. a6 Ne3+ 40.
Kc1 Nc4+ 41. Kb1 Qd4 42. c3 Qd5 43. Ra7 Nd2+ 44. Kc1 bxc3 45. Rxe7+ Kf6 46.
bxc3 Nb3+ 47. Kb2 Kxe7 48. c4 Qd4+ 49. Kxb3 Qb6+ 50. Kc3 Qxa6 51. f4 Qa3+ 52.
Kc2 Qa2+ 53. Kd3 Qxe2+ 54. Kxe2 exf4 0-1

[Event "2. Torneio Aberto do Brasil - Fortaleza"]
[Site "Fortaleza BRA"]
[Date "2012.04.08"]
[Round "6.41"]
[White "Nunes, Moezio Correia"]
[Black "Mateus, Jerluce De Alcantar"]
[Result "0-1"]
[WhiteElo "1959"]
[BlackElo "1834"]
[PlyCount "100"]
[EventDate "2012.04.05"]
[EventType "swiss"]
[EventRounds "7"]
[EventCountry "BRA"]
[Source "lmi"]
[SourceDate "2012.08.05"]

1. e4 c5 2. Nf3 Nc6 3. g3 e5 4. Bg2 Nf6 5. d3 h6 6. O-O d6 7. c3 Be7 8. Re1 O-O
9. Nbd2 Bg4 10. Nf1 Re8 11. Ne3 Be6 12. Nh4 Bf8 13. Nhf5 Ne7 14. a3 Qd7 15. b4
Nxf5 16. exf5 Bxf5 17. Nxf5 Qxf5 18. Bxb7 Rab8 19. Bc6 Rec8 20. b5 h5 21. c4 g5
22. Qf3 Qg6 23. Be4 Nxe4 24. Qxe4 f5 25. Qg2 Bg7 26. a4 Kh7 27. Rb1 h4 28. f4
gxf4 29. gxf4 Qh5 30. fxe5 Bxe5 31. Kh1 Rg8 32. Qe2 Qg6 33. Bb2 Rbe8 34. Bxe5
Rxe5 35. Qf2 Rxe1+ 36. Rxe1 Qf6 37. Qe2 Qg6 38. Qe7+ Rg7 39. Qxh4+ Kg8 40. Qf2
Qf7 41. Rg1 Qb7+ 42. Rg2 Kf8 43. Kg1 Rf7 44. Rg5 Qd7 45. a5 Qe6 46. b6 Qf6 47.
Rxf5 Qg6+ 48. Kf1 Rxf5 49. b7 Rxf2+ 50. Kxf2 Qf7+ 0-1

[Event "2. Torneio Aberto do Brasil - Fortaleza"]
[Site "Fortaleza BRA"]
[Date "2012.04.08"]
[Round "6.42"]
[White "Aquino, Francisco Jose Alve"]
[Black "Cunha, Eduardo Arruda Da G"]
[Result "0-1"]
[WhiteElo "1735"]
[BlackElo "2242"]
[PlyCount "50"]
[EventDate "2012.04.05"]
[EventType "swiss"]
[EventRounds "7"]
[EventCountry "BRA"]
[Source "lmi"]
[SourceDate "2012.08.05"]

1. e4 c5 2. Nf3 d6 3. d4 cxd4 4. Nxd4 a6 5. Nc3 Nf6 6. Bg5 e6 7. Bxf6 Qxf6 8.
Be2 Be7 9. O-O O-O 10. Re1 b5 11. a3 Bb7 12. Bf3 Qh6 13. e5 Bxf3 14. Qxf3 d5
15. Rad1 Rd8 16. Rd3 Ra7 17. Qh3 Qxh3 18. Rxh3 Rc7 19. b4 Rdc8 20. Nce2 Rc4 21.
c3 Bd8 22. Rc1 Bb6 23. Rd3 Nc6 24. Kf1 Nxd4 25. Nxd4 Bxd4 0-1

[Event "2. Torneio Aberto do Brasil - Fortaleza"]
[Site "Fortaleza BRA"]
[Date "2012.04.08"]
[Round "6.43"]
[White "Monte, Edmar Ferreira"]
[Black "Quaranta Neto, Francisco"]
[Result "1/2-1/2"]
[WhiteElo "1704"]
[BlackElo "1967"]
[PlyCount "58"]
[EventDate "2012.04.05"]
[EventType "swiss"]
[EventRounds "7"]
[EventCountry "BRA"]
[Source "lmi"]
[SourceDate "2012.08.05"]

1. c4 f5 2. d4 Nf6 3. g3 g6 4. Bg2 Bg7 5. Nf3 c5 6. d5 b5 7. Nfd2 Bb7 8. O-O d6
9. Re1 b4 10. Nc3 bxc3 11. bxc3 Qa5 12. Rb1 Ba6 13. e4 fxe4 14. Nxe4 Nxe4 15.
Rxe4 Bf6 16. Bf4 O-O 17. Bh6 Rd8 18. Bh3 Nd7 19. Be6+ Kh8 20. Bxd7 Rxd7 21. Qg4
Bc8 22. Qf3 Qxc3 23. Re3 Qd4 24. Rd1 Qb2 25. Rd2 Qa1+ 26. Rd1 Qb2 27. Re2 Qc3
28. Re3 Qb2 29. Rd2 Qa1+ 1/2-1/2

[Event "2. Torneio Aberto do Brasil - Fortaleza"]
[Site "Fortaleza BRA"]
[Date "2012.04.08"]
[Round "6.44"]
[White "Borensztajn, David"]
[Black "Do Prado, Hamilton Mesquita"]
[Result "1-0"]
[WhiteElo "1951"]
[BlackElo "1700"]
[PlyCount "93"]
[EventDate "2012.04.05"]
[EventType "swiss"]
[EventRounds "7"]
[EventCountry "BRA"]
[Source "lmi"]
[SourceDate "2012.08.05"]

1. f4 d5 2. Nf3 Nf6 3. e3 h6 4. b3 Bf5 5. Bb2 Nbd7 6. Be2 e6 7. O-O Be7 8. d3
O-O 9. Nbd2 Ng4 10. Re1 Nxe3 11. Qc1 c5 12. Nf1 Nxf1 13. Rxf1 d4 14. Re1 Bd6
15. Bf1 Qc7 16. g3 Rfe8 17. c3 Bg4 18. Bg2 Bxf3 19. Bxf3 e5 20. f5 Rac8 21. Qd2
Nf6 22. c4 Re7 23. Qg2 Rce8 24. Bc1 e4 25. dxe4 Be5 26. Bd2 a6 27. Be2 d3 28.
Bxd3 Bxa1 29. Rxa1 Rd8 30. Bf4 Qd7 31. Rd1 Qd4+ 32. Kf1 Ree8 33. e5 Ng4 34. e6
fxe6 35. fxe6 Rxe6 36. Bh7+ Kxh7 37. Rxd4 Rxd4 38. Qxb7 Re8 39. h3 Nf6 40. Be5
Re6 41. Bxd4 cxd4 42. Qc8 Re3 43. Qf5+ Kg8 44. c5 Ne4 45. Qd5+ Kf8 46. Qxd4
Rf3+ 47. Ke2 1-0

[Event "2. Torneio Aberto do Brasil - Fortaleza"]
[Site "Fortaleza BRA"]
[Date "2012.04.08"]
[Round "6.46"]
[White "Dos Santos, Roberto Melo"]
[Black "Zimmermann, Kleber Renato Pere"]
[Result "0-1"]
[WhiteElo "1937"]
[BlackElo "1953"]
[PlyCount "118"]
[EventDate "2012.04.05"]
[EventType "swiss"]
[EventRounds "7"]
[EventCountry "BRA"]
[Source "lmi"]
[SourceDate "2012.08.05"]

1. e4 c5 2. Nf3 e6 3. d4 cxd4 4. Nxd4 Nf6 5. Nc3 d6 6. f4 a6 7. Be2 Qc7 8. O-O
Be7 9. Be3 b5 10. a3 Bb7 11. Bf3 Nbd7 12. Re1 O-O 13. Qd2 Rac8 14. Rad1 Nb6 15.
Qc1 Nc4 16. Rd3 Nxe3 17. Qxe3 Rfd8 18. Kh1 Nd7 19. b4 Nb6 20. Qc1 Bf6 21. Nce2
Nc4 22. c3 g6 23. Ng3 Bg7 24. f5 Ne5 25. Rde3 Nxf3 26. Nxf3 Bxc3 27. Rd1 Bg7
28. Qxc7 Rxc7 29. fxe6 fxe6 30. Red3 d5 31. e5 Rc4 32. Ne2 d4 33. Rxd4 Rdxd4
34. Rxd4 Bxf3 35. gxf3 Bxe5 36. Rd2 Kf7 37. Kg2 Kf6 38. h3 h5 39. Rd7 Rc2 40.
Kf1 Ra2 41. Rd3 Bb2 42. Ng3 Bxa3 43. Ne4+ Ke5 44. Rb3 Bb2 45. Nc5 Bd4 46. Nd3+
Kf5 47. Nc5 Bxc5 48. bxc5 Rc2 49. Ra3 Rxc5 50. Rxa6 Rc2 51. Ra5 Rb2 52. Ke1 g5
53. Kd1 e5 54. Kc1 Rb3 55. Kc2 Rxf3 56. Rxb5 Rxh3 57. Kd2 Kf4 58. Ke2 Rh2+ 59.
Kd3 e4+ 0-1

[Event "2. Torneio Aberto do Brasil - Fortaleza"]
[Site "Fortaleza BRA"]
[Date "2012.04.08"]
[Round "6.47"]
[White "Lemos, Dawton Almino"]
[Black "De Macedo, Alexandre Ricardo S"]
[Result "1-0"]
[WhiteElo "1887"]
[BlackElo "1920"]
[PlyCount "119"]
[EventDate "2012.04.05"]
[EventType "swiss"]
[EventRounds "7"]
[EventCountry "BRA"]
[Source "lmi"]
[SourceDate "2012.08.05"]

1. e4 c5 2. Nf3 d6 3. d3 Nc6 4. g3 Bg4 5. Bg2 Nd4 6. Nbd2 g6 7. h3 Nxf3+ 8.
Nxf3 Bd7 9. O-O Bg7 10. c3 e6 11. d4 Qc7 12. Re1 Ne7 13. Be3 b6 14. Rc1 Rc8 15.
Qd2 O-O 16. Bh6 f6 17. Bxg7 Kxg7 18. e5 dxe5 19. dxe5 f5 20. Rcd1 Rcd8 21. Qd6
Qxd6 22. Rxd6 Nc8 23. Rd2 Ba4 24. Rxd8 Rxd8 25. Ng5 Rd2 26. Nxe6+ Kg8 27. b3
Bd7 28. Nc7 Ne7 29. a4 h6 30. Bf3 g5 31. Bb7 Kf8 32. f4 Rd3 33. Kf2 Be8 34. Re3
Rd7 35. Nxe8 Kxe8 36. Ba6 Kd8 37. Rd3 Rxd3 38. Bxd3 Kc7 39. Kf3 Kb7 40. g4
fxg4+ 41. Kxg4 gxf4 42. Kxf4 Nd5+ 43. Kf5 Kc7 44. Bc4 Nxc3 45. Ke6 Nd5 46. h4
Kd8 47. Kf7 a5 48. Bd3 Nc3 49. e6 Nd5 50. Bc4 Ne7 51. h5 Nf5 52. Kg6 Nd6 53.
Kxh6 Ke8 54. Kg6 Kf8 55. h6 Kg8 56. e7+ Kh8 57. Bf7 c4 58. bxc4 b5 59. c5 bxa4
60. cxd6 1-0

[Event "2. Torneio Aberto do Brasil - Fortaleza"]
[Site "Fortaleza BRA"]
[Date "2012.04.08"]
[Round "6.48"]
[White "De Souza, Gutemberg Magalhaes"]
[Black "Azevedo, Eduardo Jose E De"]
[Result "1-0"]
[WhiteElo "1787"]
[BlackElo "1909"]
[PlyCount "65"]
[EventDate "2012.04.05"]
[EventType "swiss"]
[EventRounds "7"]
[EventCountry "BRA"]
[Source "lmi"]
[SourceDate "2012.08.05"]

1. d4 g6 2. Nf3 Bg7 3. Bf4 d6 4. e3 a6 5. Be2 Nd7 6. c3 Ngf6 7. h3 b5 8. Nbd2
Bb7 9. O-O c5 10. Re1 O-O 11. Rc1 Rc8 12. Bf1 Re8 13. e4 Qb6 14. d5 e6 15. c4
exd5 16. cxd5 Nh5 17. Bh2 Bxb2 18. Rb1 Bg7 19. a4 Ne5 20. Nxe5 Bxe5 21. Bxe5
dxe5 22. axb5 a5 23. Nc4 Qd8 24. b6 Ra8 25. Re3 Nf6 26. f3 Qd7 27. Ra3 Ba6 28.
Nxa5 Bxf1 29. Qxf1 Rac8 30. Nc6 Rxc6 31. dxc6 Qxc6 32. b7 Rb8 33. Ra6 1-0

[Event "2. Torneio Aberto do Brasil - Fortaleza"]
[Site "Fortaleza BRA"]
[Date "2012.04.08"]
[Round "6.49"]
[White "Rapouso, Ricardo Luis Borba"]
[Black "Moro, Antonio Renato Pere"]
[Result "1-0"]
[WhiteElo "1880"]
[BlackElo "1832"]
[PlyCount "93"]
[EventDate "2012.04.05"]
[EventType "swiss"]
[EventRounds "7"]
[EventCountry "BRA"]
[Source "lmi"]
[SourceDate "2012.08.05"]

1. d4 Nf6 2. Nf3 g6 3. c4 Bg7 4. Nc3 d6 5. e4 O-O 6. Be2 Nc6 7. O-O e5 8. d5
Ne7 9. b4 a5 10. bxa5 Rxa5 11. a4 Nd7 12. Ba3 b6 13. Bb4 Ra8 14. a5 f5 15. Ng5
Nc5 16. axb6 Rxa1 17. Qxa1 cxb6 18. Qa7 Bf6 19. Bxc5 bxc5 20. Ne6 Bxe6 21. dxe6
Nc6 22. Qb7 Nd4 23. exf5 gxf5 24. Bh5 Nxe6 25. Qd5 Qe7 26. Nb5 Kg7 27. Nxd6 Bg5
28. Qxe5+ Kh6 29. Nxf5+ Rxf5 30. Qxf5 Nd4 31. Qf7 Qd6 32. f4 Bf6 33. Bg4 Qd8
34. h3 Qd6 35. Kh1 Qd8 36. Ra1 Qe7 37. Qxe7 Bxe7 38. Ra6+ Kg7 39. g3 Kf7 40.
Kg2 Kg7 41. Bf3 Nf5 42. Kf2 Nd4 43. Be4 h5 44. Rg6+ Kf7 45. Rh6 h4 46. g4 Kg7
47. g5 1-0

[Event "2. Torneio Aberto do Brasil - Fortaleza"]
[Site "Fortaleza BRA"]
[Date "2012.04.08"]
[Round "6.50"]
[White "Machado, Fernando Augusto Di"]
[Black "Batista, Francisco Klemberg "]
[Result "0-1"]
[WhiteElo "1863"]
[BlackElo "1771"]
[PlyCount "56"]
[EventDate "2012.04.05"]
[EventType "swiss"]
[EventRounds "7"]
[EventCountry "BRA"]
[Source "lmi"]
[SourceDate "2012.08.05"]

1. d4 Nf6 2. Nf3 d5 3. e3 e6 4. Bd3 b6 5. O-O Bb7 6. b3 Nbd7 7. Bb2 Be7 8. Nbd2
O-O 9. Ne5 Nxe5 10. dxe5 Nd7 11. Qh5 g6 12. Qh3 Nc5 13. Be2 Re8 14. f4 Bf8 15.
Rac1 Bg7 16. Rfd1 Rc8 17. Nf3 Ne4 18. Bd3 Qe7 19. c4 Red8 20. cxd5 exd5 21.
Bxe4 dxe4 22. Nd4 a6 23. Rc2 c5 24. Rdc1 cxd4 25. Rxc8 Bxc8 26. Rxc8 d3 27.
Rxd8+ Qxd8 28. Bd4 Qc7 0-1

[Event "2. Torneio Aberto do Brasil - Fortaleza"]
[Site "Fortaleza BRA"]
[Date "2012.04.08"]
[Round "6.51"]
[White "Sousa Filho, Aloisio Lopes De"]
[Black "Da Silva, Alexandre Mota"]
[Result "1-0"]
[WhiteElo "1852"]
[BlackElo "1809"]
[PlyCount "39"]
[EventDate "2012.04.05"]
[EventType "swiss"]
[EventRounds "7"]
[EventCountry "BRA"]
[Source "lmi"]
[SourceDate "2012.08.05"]

1. d4 Nf6 2. c4 e6 3. Nc3 c5 4. Nf3 g6 5. Bg5 Bg7 6. e4 Qa5 7. Bd2 cxd4 8. Nb5
Qb6 9. e5 Ne4 10. Bd3 a6 11. c5 Nxc5 12. Nd6+ Qxd6 13. exd6 Nxd3+ 14. Ke2 Nxb2
15. Qb3 d3+ 16. Kf1 O-O 17. Rb1 b5 18. Rxb2 Bxb2 19. Qxb2 Bb7 20. Qf6 1-0

[Event "2. Torneio Aberto do Brasil - Fortaleza"]
[Site "Fortaleza BRA"]
[Date "2012.04.08"]
[Round "6.52"]
[White "Lisboa Torres, Eduardo"]
[Black "Urquidi, Fabio Moraes"]
[Result "1/2-1/2"]
[WhiteElo "1810"]
[BlackElo "1780"]
[PlyCount "119"]
[EventDate "2012.04.05"]
[EventType "swiss"]
[EventRounds "7"]
[EventCountry "BRA"]
[Source "lmi"]
[SourceDate "2012.08.05"]

1. d4 d5 2. c4 e5 3. dxe5 d4 4. Nf3 Nc6 5. Nbd2 Bb4 6. a3 Bxd2+ 7. Qxd2 Bg4 8.
b4 Bxf3 9. exf3 Nxe5 10. Bb2 Qe7 11. O-O-O O-O-O 12. Re1 Qd6 13. f4 Ng6 14. g3
Nf6 15. Bg2 Ne7 16. Re2 Nf5 17. Qd3 Ne7 18. Rhe1 Nc6 19. c5 Qd7 20. b5 Na5 21.
Re7 Qg4 22. b6 axb6 23. cxb6 Rd7 24. R7e5 cxb6 25. Kb1 Rc7 26. Qf1 Kb8 27. Bh3
Qf3 28. Bg2 Qb3 29. Rb5 Qc4 30. Rb4 Qxf1 31. Rxf1 Nc4 32. Bxd4 Nd2+ 33. Kb2
Nxf1 34. Bxf6 gxf6 35. Bxf1 Rc6 36. Rd4 Kc7 37. Bd3 h6 38. f3 Rd8 39. Rxd8 Kxd8
40. g4 Rc5 41. f5 Ke7 42. h4 Kd6 43. h5 Ke5 44. Kb3 Kd4 45. Be4 Rb5+ 46. Kc2
Ra5 47. Kb3 Ra7 48. Kb4 Ke5 49. a4 Kd6 50. Kb5 Kc7 51. Bd3 Ra5+ 52. Kb4 Re5 53.
Be4 Kb8 54. Kc4 Kc7 55. Kb4 Kb8 56. Kc4 Ka7 57. Kb4 Ka6 58. Bd3+ Ka7 59. Be4
Kb8 60. Kc4 1/2-1/2

[Event "2. Torneio Aberto do Brasil - Fortaleza"]
[Site "Fortaleza BRA"]
[Date "2012.04.08"]
[Round "6.53"]
[White "Baptista, Andre Kemper"]
[Black "Magalhaes Jr, Sebastiao Silva"]
[Result "0-1"]
[WhiteElo "1768"]
[BlackElo "1786"]
[PlyCount "93"]
[EventDate "2012.04.05"]
[EventType "swiss"]
[EventRounds "7"]
[EventCountry "BRA"]
[Source "lmi"]
[SourceDate "2012.08.05"]

1. e4 e5 2. Nf3 Nc6 3. Bc4 Bc5 4. c3 Nf6 5. d3 a6 6. Bb3 d6 7. h3 Be6 8. Bxe6
fxe6 9. Ng5 Qe7 10. Qb3 Nd8 11. O-O h6 12. Nf3 O-O 13. Nbd2 g5 14. d4 exd4 15.
cxd4 Ba7 16. e5 Nd5 17. Re1 b5 18. exd6 Qxd6 19. Ne4 Qb4 20. Qd3 Rxf3 21. Qxf3
Qxe1+ 22. Kh2 Bxd4 23. h4 Be5+ 24. g3 Nf7 25. hxg5 hxg5 26. Qg4 Nf6 27. Nxf6+
Bxf6 28. Qf3 Rd8 29. Bxg5 Nxg5 30. Qxf6 Qd2 31. Qg6+ Kf8 32. Qh6+ Ke7 33. Qg7+
Nf7 34. Kg2 Qd5+ 35. f3 Qd2+ 36. Kh3 Rh8+ 37. Kg4 Qd5 38. Kf4 Rh6 39. Ke3 Rf6
40. f4 e5 41. Re1 Qd4+ 42. Kf3 Qd3+ 43. Re3 e4+ 44. Kf2 Qd2+ 45. Re2 Qd4+ 46.
Kg2 e3 47. Kf3 0-1

[Event "2. Torneio Aberto do Brasil - Fortaleza"]
[Site "Fortaleza BRA"]
[Date "2012.04.08"]
[Round "6.54"]
[White "Paiva, Lucas Daniel Bezerr"]
[Black "Sampaio Filho, Joao Rodrigues"]
[Result "0-1"]
[WhiteElo "1739"]
[BlackElo "1785"]
[PlyCount "102"]
[EventDate "2012.04.05"]
[EventType "swiss"]
[EventRounds "7"]
[EventCountry "BRA"]
[Source "lmi"]
[SourceDate "2012.08.05"]

1. e4 c5 2. Nf3 d6 3. d4 cxd4 4. Nxd4 Nf6 5. Bb5+ Bd7 6. Bxd7+ Qxd7 7. Nc3 e6
8. O-O Be7 9. Bg5 h6 10. Bh4 Nc6 11. Re1 Nxd4 12. Qxd4 e5 13. Qa4 Qxa4 14. Nxa4
g5 15. Bg3 Rc8 16. Nc3 a6 17. Re2 Kd7 18. Nd5 Nxd5 19. exd5 Rc5 20. Rd1 Rhc8
21. c3 f5 22. f3 Bf6 23. Bf2 Rc4 24. Bb6 Bd8 25. Bxd8 Kxd8 26. g3 b5 27. a3 Ke7
28. Rd4 Kf6 29. Rxc4 Rxc4 30. f4 e4 31. fxg5+ hxg5 32. Kf2 Ke5 33. h4 gxh4 34.
gxh4 f4 35. Ke1 Kxd5 36. h5 Rc7 37. h6 Rh7 38. Rh2 Ke6 39. Kf2 Kf6 40. b4 Kg5
41. Rg2+ Kxh6 42. Rg4 Rf7 43. Rg8 Rc7 44. Rd8 Rc6 45. Rh8+ Kg6 46. Rg8+ Kf6 47.
Rf8+ Ke5 48. Re8+ Kd5 49. Rf8 Rxc3 50. Rxf4 Rxa3 51. Ke2 Ra4 0-1

[Event "2. Torneio Aberto do Brasil - Fortaleza"]
[Site "Fortaleza BRA"]
[Date "2012.04.08"]
[Round "6.56"]
[White "Schucman, Rebeca Lot"]
[Black "Sales, Luis Carlos"]
[Result "0-1"]
[WhiteElo "1575"]
[BlackElo "1892"]
[PlyCount "108"]
[EventDate "2012.04.05"]
[EventType "swiss"]
[EventRounds "7"]
[EventCountry "BRA"]
[Source "lmi"]
[SourceDate "2012.08.05"]

1. d4 d5 2. c4 c6 3. Nc3 Nf6 4. Nf3 g6 5. Bf4 Bg7 6. cxd5 Nxd5 7. Bg3 Qa5 8.
Qd2 Nxc3 9. bxc3 Be6 10. e4 Nd7 11. Bd3 Nc5 12. O-O Nxd3 13. Qxd3 b5 14. Qc2
Bc4 15. Rfe1 c5 16. Ne5 cxd4 17. Nxc4 bxc4 18. cxd4 Rc8 19. Be5 Bxe5 20. dxe5
Qxe5 21. Qa4+ Kf8 22. Qxa7 Kg7 23. Rac1 Rhd8 24. Qb6 c3 25. f4 Qxf4 26. Rxc3
Rb8 27. Qe3 Qe5 28. Rec1 Rb2 29. Rc5 Qd4 30. Qxd4+ Rxd4 31. R5c2 Rxc2 32. Rxc2
Rxe4 33. Kf2 e6 34. a3 h5 35. Ra2 Ra4 36. Ke3 e5 37. Kd3 f5 38. g3 Kf6 39. Ke3
Kg5 40. h3 h4 41. Kf3 e4+ 42. Kg2 hxg3 43. Kxg3 f4+ 44. Kf2 Kh4 45. Kg2 f3+ 46.
Kh2 g5 47. Ra1 e3 48. Ra2 e2 49. Ra1 f2 50. Rf1 Rxa3 51. Rxf2 Rxh3+ 52. Kg2
e1=Q 53. Rf4+ Kh5 54. Rh4+ Qxh4 0-1

[Event "2. Torneio Aberto do Brasil - Fortaleza"]
[Site "Fortaleza BRA"]
[Date "2012.04.08"]
[Round "6.57"]
[White "Cunha, Rafael Fernandes"]
[Black "Bueno, Marcos Antonio Ferr"]
[Result "1-0"]
[WhiteElo "1827"]
[BlackElo "1793"]
[PlyCount "63"]
[EventDate "2012.04.05"]
[EventType "swiss"]
[EventRounds "7"]
[EventCountry "BRA"]
[Source "lmi"]
[SourceDate "2012.08.05"]

1. c4 d6 2. d4 Nf6 3. Nc3 g6 4. e4 Bg7 5. f4 O-O 6. Nf3 Nbd7 7. Bd3 c5 8. d5
Re8 9. O-O Nf8 10. f5 N6d7 11. fxg6 hxg6 12. Ng5 Ne5 13. Bf4 f6 14. Nf3 Bg4 15.
Qd2 Bxf3 16. gxf3 Nxd3 17. Qxd3 g5 18. Be3 Ng6 19. f4 g4 20. Qe2 Qd7 21. f5 Ne5
22. Nd1 Kh7 23. Nf2 Bh6 24. Bxh6 Kxh6 25. Kh1 Rg8 26. Rg1 g3 27. Qe3+ Kh7 28.
Rxg3 Rxg3 29. Qxg3 Rg8 30. Qh4+ Kg7 31. Rg1+ Kf7 32. Qh7+ 1-0